000
00282nam a22001217a 4500
020
_a
0-12-014901-X
082
_a
530-E AUE'A
100
_a
AUER, PETER
_9
75074
245
_a
ADVANCES IN ENERGY SYSTEMS AND TECHNOLOGY
260
_a
NEWYORK
_b
AP
_c
1978
300
_a
387P
942
_c
BK
999
_c
580560
_d
580560